Chaos

Bibliographic Details
Main Author: Cholujová, Mária (Author)
Format: Article
Language:Slovak
Subjects:

MARC

LEADER 00000nab a2200000 a 4500
001 vtls000520615
003 SK-MaSNL
005 20260304100646.0
008 250425c1994 xo 0 slo
015 |a SNBRB19rr/mm-uuuuu 
035 |a CL0520753 
035 |a urn:nbn:sk:snk-abboie 
035 |a (urnnbn)urn:nbn:sk:snk:ar-002m5l 
035 |a (uuid)256ea4c3-57fd-4da0-97fd-410bb30f5f6e 
040 |a SNKBUCL  |b slo  |c SNKBUCL  |e AACR2 
041 0 |a slo 
044 |a xo  |c SK 
080 |a 885.4-1  |2 1981 
100 1 |a Cholujová, Mária  |4 aut  |9 1394878 
245 1 0 |a Chaos  |c Mária Cholujová 
500 |a V rubrike Katapult, inform. o aut. na s. 31 
655 7 |a slovenská poézia  |2 snkbucl  |9 70444 
655 7 |a články z novín a časopisov  |2 snkbucl  |9 267496 
773 0 |t Dotyky  |g Roč. 6, č. 5 (1994), s. 29 
850 |a Slovenská národná knižnica 
852 |a Slovenská národná knižnica 
958 |a article15 
958 |a OND 
958 |a RK 
958 |a LX 
958 |a EUIPO 
992 |a RBX 
999 |c 2839173  |d 2841103